| Tag |
First Indicator |
Second Indicator |
Subfields |
| LEADER |
00000cas a2200000 a 4500 |
| 001 |
in00001664413 |
| 005 |
20151024121229.0 |
| 006 |
m d |
| 007 |
cr mn- |
| 008 |
000512c19979999nyuqr1p s 0 a0eng d |
| 010 |
|
|
|a 2001212338
|
| 012 |
|
|
|l 1
|
| 022 |
0 |
|
|a 1099-0925
|y 0968-9427
|
| 035 |
|
|
|a (OCoLC)ocm44042010
|
| 040 |
|
|
|a OH1
|c OH1
|d NSD
|d EYM
|d UtOrBLW
|
| 042 |
|
|
|a nsdp
|a lcd
|
| 049 |
|
|
|a TXAM
|
| 050 |
1 |
4 |
|a GE300
|b .E26 Electronic
|
| 082 |
1 |
0 |
|a 658
|2 13
|
| 130 |
0 |
|
|a Eco-management and auditing (Online)
|
| 210 |
0 |
|
|a Eco-manag. audit.
|b (Online)
|
| 222 |
|
0 |
|a Eco-management and auditing
|b (Online)
|
| 245 |
1 |
0 |
|a Eco-management and auditing.
|
| 246 |
3 |
|
|a Eco management and auditing
|
| 264 |
|
1 |
|a New York :
|b J. Wiley.
|
| 310 |
|
|
|a Quarterly,
|b 1999-
|
| 321 |
|
|
|a Three issues a year,
|b 1997-1998
|
| 336 |
|
|
|a text
|b txt
|2 rdacontent
|
| 337 |
|
|
|a computer
|b c
|2 rdamedia
|
| 338 |
|
|
|a online resource
|b cr
|2 rdacarrier
|
| 362 |
1 |
|
|a Coverage as of May 12, 2000: Vol. 4, issue 1 (Mar. 1997)-
|
| 500 |
|
|
|a Description based on: Volume 4, issue 1 (Mar. 1997); title from general information screen (viewed May 12, 2000).
|
| 506 |
|
|
|a Subscription and registration required for access.
|
| 516 |
|
|
|a Abstracts, tables of contents, and citation information are HTML encoded; articles are available in portable document format (PDF) and as Postscript Level 2 files.
|
| 530 |
|
|
|a Online version of the print title: Eco-management and auditing.
|
| 538 |
|
|
|a System requirements: Internet connectivity, World Wide Web browser, and Adobe Acrobat reader.
|
| 538 |
|
|
|a Mode of access: World Wide Web.
|
| 500 |
|
|
|a Electronic resource.
|
| 650 |
|
0 |
|a Environmental management
|v Periodicals.
|
| 650 |
|
0 |
|a Environmental auditing
|v Periodicals.
|
| 776 |
1 |
|
|t Eco-management and auditing
|x 0968-9427
|w (DLC) 96652918
|w (OCoLC)33111573
|
| 936 |
|
|
|a Vol. 8, issue 2 (June 2001) LIC
|
| 949 |
|
|
|a MFHD URL added
|b h
|c 2003/2/25
|d c
|e rstovall5
|f 6:57:16 pm
|
| 949 |
|
|
|a batch update-edit 856
|c 2002/04/13
|e ahighsmi
|
| 949 |
|
|
|a correct ind 2 in 856
|c 2002/04/17
|e ahighsmi
|
| 994 |
|
|
|a 92
|b TXA
|
| 999 |
|
|
|a MARS
|
| 999 |
f |
f |
|s 05276d84-3b92-3b25-b1c9-d88c4df3e90c
|i a0005cc7-7cba-35f1-a75f-daee08b1b362
|t 0
|
| 952 |
f |
f |
|a Texas A&M University
|b College Station
|c Electronic Resources
|d Available Online
|t 0
|e GE300 .E26
|g Electronic
|h Library of Congress classification
|
| 998 |
f |
f |
|a GE300 .E26
|t 0
|l Available Online
|